[Event "Hong Kong-ch"]
[Site "Hong Kong"]
[Date "2014.04.10"]
[Round "6"]
[White "Lai, Robin"]
[Black "Llaneza Vega, Marcos"]
[Result "1-0"]
[WhiteElo "1948"]
[BlackElo "2428"]
[PlyCount "170"]
[EventDate "2014.03.17"]
[EventType "tourn"]
[EventRounds "11"]
[EventCountry "HKG"]
[SourceTitle "EXT 2018"]
[Source "ChessBase"]
[SourceDate "2017.10.13"]
[SourceVersion "1"]
[SourceVersionDate "2017.10.13"]
[SourceQuality "1"]

1. b3 b5 2. e3 Bb7 3. Nf3 b4 4. a3 a5 5. axb4 axb4 6. Rxa8 Bxa8 7. d4 Nf6 8. Be2 e6 9. 0-0 d5 10. c3 bxc3 11. Nxc3 Bb4 12. Na2 Bd6 13. b4 Nbd7 14. Qb3 Qb8 15. Ba3 0-0 16. Rc1 c5 17. dxc5 Nxc5 18. Qb2 Nce4 19. b5 Ng4 20. Bxd6 Qxd6 21. Rf1 Ng5 22. g3 Nxf3+ 23. Bxf3 Ne5 24. Bg2 Rb8 25. Rb1 h5 26. h4 Rc8 27. Nc1 Nc4 28. Qc3 Bb7 29. Ne2 Na3 30. Qb4 Qxb4 31. Rxb4 Rc5 32. Nd4 Rc1+ 33. Kh2 Rb1 34. Rxb1 Nxb1 35. Nb3 Nc3 36. Nc5 Nxb5 37. Nxb7 g6 38. Nc5 Kg7 39. Bf1 Na7 40. Kg2 Nc6 41. Be2 Kf6 42. g4 hxg4 43. Bxg4 Ke7 44. f4 Kd6 45. Nb3 f5 46. Be2 e5 47. Kf3 Nd8 48. Bb5 exf4 49. exf4 Ke7 50. Nd4 Nf7 51. Bc6 Kd6 52. Be8 Nh8 53. Ke3 Ke7 54. Bc6 Nf7 55. Bxd5 Nd6 56. Nf3 Kf6 57. Ne5 Kg7 58. Kd4 Nb5+ 59. Kc5 Nc3 60. Bf3 Kf6 61. Kd6 Nb1 62. Nd7+ Kg7 63. Ke7 Nd2 64. Bd5 Kh6 65. Nf6 Kg7 66. Bc6 Nf1 67. Bf3 Ne3 68. Ne8+ Kh6 69. Kf6 Ng4+ 70. Kf7 Kh5 71. Ng7+ Kxh4 72. Kxg6 Kg3 73. Bxg4 Kxf4 74. Bxf5 Ke5 75. Kg5 Kd5 76. Kf6 Kd4 77. Ne6+ Kd5 78. Nf4+ Kd4 79. Ke6 Ke3 80. Ke5 Kf3 81. Nd5 Ke2 82. Ke4 Kd2 83. Kd4 Ke2 84. Be4 Kf2 85. Kd3 Kg3 1-0

[Event "Hong Kong-ch"]
[Site "Hong Kong"]
[Date "2014.04.07"]
[Round "5"]
[White "Yang, Robert Michael"]
[Black "Lai, Robin"]
[Result "1/2-1/2"]
[WhiteElo "1926"]
[BlackElo "1948"]
[PlyCount "120"]
[EventDate "2014.03.17"]
[EventType "tourn"]
[EventRounds "11"]
[EventCountry "HKG"]
[SourceTitle "EXT 2018"]
[Source "ChessBase"]
[SourceDate "2017.10.13"]
[SourceVersion "1"]
[SourceVersionDate "2017.10.13"]
[SourceQuality "1"]

1. e4 d6 2. d4 Nf6 3. Bd3 c6 4. c4 e5 5. dxe5 dxe5 6. Nf3 Bg4 7. 0-0 Bc5 8. h3 Bh5 9. Bc2 Nbd7 10. Nbd2 0-0 11. Nb3 Bb6 12. Bg5 Qe7 13. Qe2 h6 14. Bh4 a5 15. a3 a4 16. Nc1 Rfd8 17. Nd3 Qe6 18. b3 Bd4 19. Ra2 axb3 20. Bxb3 b5 21. Rc1 Bxf3 22. Qxf3 Ra7 23. Bxf6 Nxf6 24. Nb4 Qd6 25. cxb5 cxb5 26. Rac2 Rf8 27. Nc6 Rxa3 28. Nxd4 exd4 29. e5 Qb4 30. Rb2 Ne4 31. Bxf7+ Rxf7 32. Qxf7+ Kxf7 33. Rxb4 Nc3 34. Kf1 d3 35. Rb2 g5 36. f3 Ke6 37. Rd2 Nd5 38. Re1 Rc3 39. Kf2 b4 40. Red1 Rc2 41. Ke1 Nc3 42. Rxd3 Nxd1 43. Kxd1 Rxg2 44. Rb3 Kxe5 45. Rxb4 Rh2 46. Ke1 Rxh3 47. Kf2 Rh1 48. Kg2 Rd1 49. Kg3 h5 50. Rb5+ Rd5 51. Rb8 Kf5 52. Rg8 h4+ 53. Kh3 Rd3 54. Rf8+ Kg6 55. Kg4 Rd4+ 56. f4 gxf4 57. Rxf4 Rxf4+ 58. Kxf4 Kh5 59. Kf3 Kg5 60. Kg2 Kg4 1/2-1/2

[Event "Hong Kong-ch"]
[Site "Hong Kong"]
[Date "2014.04.03"]
[Round "4"]
[White "Lai, Robin"]
[Black "Gurung, Mohan Kumar"]
[Result "1-0"]
[WhiteElo "1948"]
[BlackElo "1706"]
[PlyCount "43"]
[EventDate "2014.03.17"]
[EventType "tourn"]
[EventRounds "11"]
[EventCountry "HKG"]
[SourceTitle "EXT 2018"]
[Source "ChessBase"]
[SourceDate "2017.10.13"]
[SourceVersion "1"]
[SourceVersionDate "2017.10.13"]
[SourceQuality "1"]

1. d4 Nf6 2. c4 e5 3. d5 Bc5 4. e3 d6 5. Nc3 a5 6. Bd3 Ng4 7. Nf3 f5 8. h3 Nxf2 9. Kxf2 e4 10. Bxe4 fxe4 11. Nxe4 Ba7 12. Rf1 0-0 13. Kg1 Qe7 14. Nfg5 Rxf1+ 15. Qxf1 h6 16. Ne6 Bxe6 17. dxe6 Qxe6 18. Qd3 Nd7 19. Ng3 Re8 20. Nf5 Ne5 21. Qe4 Nxc4 22. Qg4 1-0

[Event "Hong Kong-ch"]
[Site "Hong Kong"]
[Date "2014.03.24"]
[Round "2"]
[White "Lai, Robin"]
[Black "Luk, Luen Wah"]
[Result "1/2-1/2"]
[WhiteElo "1948"]
[BlackElo "2142"]
[PlyCount "58"]
[EventDate "2014.03.17"]
[EventType "tourn"]
[EventRounds "11"]
[EventCountry "HKG"]
[SourceTitle "EXT 2018"]
[Source "ChessBase"]
[SourceDate "2017.10.13"]
[SourceVersion "1"]
[SourceVersionDate "2017.10.13"]
[SourceQuality "1"]

1. d4 Nf6 2. Bf4 g6 3. Nf3 Bg7 4. e3 d6 5. h3 0-0 6. Be2 c5 7. c3 Be6 8. Nbd2 Qb6 9. dxc5 dxc5 10. Qc2 Nc6 11. 0-0 Qd8 12. Rfd1 Qc8 13. Ng5 Bd7 14. Nge4 b6 15. Nxf6+ Bxf6 16. Bf3 Rd8 17. Bg3 Be8 18. a4 Bg7 19. h4 Qe6 20. Ne4 Rxd1+ 21. Rxd1 Rd8 22. Rxd8 Nxd8 23. a5 Nc6 24. axb6 axb6 25. Ng5 Qd7 26. Qb3 h6 27. Ne4 Qd8 28. Qd1 Qxd1+ 29. Bxd1 Ne5 1/2-1/2

[Event "Hong Kong-ch"]
[Site "Hong Kong"]
[Date "2014.03.03"]
[Round "1"]
[White "Lai, Robin"]
[Black "Muniz Pardino, Alberto"]
[Result "0-1"]
[WhiteElo "1948"]
[BlackElo "2097"]
[PlyCount "96"]
[EventDate "2014.03.17"]
[EventType "tourn"]
[EventRounds "11"]
[EventCountry "HKG"]
[SourceTitle "EXT 2018"]
[Source "ChessBase"]
[SourceDate "2017.10.13"]
[SourceVersion "1"]
[SourceVersionDate "2017.10.13"]
[SourceQuality "1"]

1. d4 d5 2. Bf4 Nf6 3. Nf3 c5 4. c3 Qb6 5. Qb3 c4 6. Qxb6 axb6 7. Nbd2 Nc6 8. e4 e6 9. exd5 exd5 10. g3 b5 11. Bg2 b4 12. 0-0 Be7 13. Ne5 bxc3 14. bxc3 0-0 15. Nxc6 bxc6 16. a4 Bf5 17. Rfe1 Ra7 18. Ra2 Rfa8 19. Rea1 Bd8 20. Bf3 Ba5 21. Rc1 Rb7 22. Bd1 Ra6 23. Bc2 Bxc2 24. Rcxc2 Rab6 25. f3 Re7 26. Kf2 Rb3 27. Bd6 Rd7 28. Bc5 Rd8 29. Ra3 Rxa3 30. Bxa3 Rb8 31. Rb2 Rxb2 32. Bxb2 Nd7 33. Nb1 Nb6 34. Ke2 Nxa4 35. Ba1 f6 36. Kd2 Kf7 37. Kc2 Ke6 38. Nd2 h5 39. Nf1 g5 40. Ne3 Bc7 41. Bb2 Nxb2 42. Kxb2 h4 43. Nf1 h3 44. Kc2 Bd6 45. Kd2 c5 46. Ne3 cxd4 47. cxd4 Bxg3 48. Ng4 f5 0-1

[Event "Hong Kong-ch prel"]
[Site "Hong Kong"]
[Date "2014.03.03"]
[Round "8"]
[White "Llaneza Vega, Marcos"]
[Black "Lai, Robin"]
[Result "1-0"]
[WhiteElo "2428"]
[BlackElo "1948"]
[PlyCount "69"]
[EventDate "2014.01.06"]
[EventType "swiss"]
[EventRounds "9"]
[EventCountry "HKG"]
[SourceTitle "EXT 2015"]
[Source "ChessBase"]
[SourceDate "2014.11.20"]
[SourceVersion "1"]
[SourceVersionDate "2014.11.20"]
[SourceQuality "1"]

1. e4 Nf6 2. e5 Nd5 3. d4 d6 4. Bg5 h6 5. Bh4 g5 6. Bg3 Bg7 7. Na3 dxe5 8. dxe5 c6 9. Bd3 Be6 10. Ne2 Nd7 11. Nd4 Nc5 12. Nxe6 Nxe6 13. 0-0 0-0 14. Re1 Ndf4 15. Bf5 Qxd1 16. Raxd1 Rfd8 17. Bxf4 Nxf4 18. g3 Ne2+ 19. Kg2 Rxd1 20. Rxd1 Bxe5 21. c3 Nxc3 22. bxc3 Bxc3 23. Rd7 b5 24. Rxe7 Bb4 25. Re3 Rd8 26. Nc2 Bc5 27. Rd3 Re8 28. Kf1 Bb6 29. Nd4 Re5 30. Nxc6 Rc5 31. Be4 Rc1+ 32. Kg2 Rc2 33. Rd8+ Bxd8 34. Bxc2 Bb6 35. Bd3 1-0